000 01106nam0a2200325 4500
001 RU\NLR\BIBL_A\022599804
005 20260420051936.0
010 _a978-5-04-217322-6
_912000
021 _aRU
_bКН-П-25-035207
_9КН-П-25-3472
035 _a(NLR Aleph) 022599804
090 _a13681255
_c13681255
100 _a20250812d2025 u y0rusy50 ca
101 1 _arus
_ceng
102 _aRU
105 _aa z 000ay
181 0 _ai3
_baxxe
182 0 _an
200 1 _aПадая, словно звёзды
_e[роман]
_fЭмма Скотт
203 _aТекст
_bвизуальный
_cнепосредственный
210 _aМосква
_cЭксмо, Freedom
_d2025
215 _a509, [1] с.
_cил.
_d21
225 1 _aFreedom
_iРомантическая проза Эммы Скотт
333 _a18+
686 1 _aШ6(7США)67-440.4{Лх1979-50}
700 1 _7ca
_8rus
_aСкотт
_bЭ.
_gЭмма
_9221017
_3RU\NLR\AUTH\770221073
942 _cBOOK
980 _aNB